[Event "1st Merlin Lezajsk Chess Masters"]
[Site "Lezajsk"]
[Date "1899-12-30"]
[Round "7.1"]
[White "Zilka, Stepan"]
[Black "Zwardon, Vojtech"]
[Result "1-0"]
[WhiteTitle "GM"]
[BlackTitle "IM"]
[WhiteElo "2577"]
[BlackElo "2466"]

1. e4 c5 2. Nf3 d6 3. d4 cxd4 4. Nxd4 Nf6 5. Nc3 a6 6. Be3 Ng4 7. Bc1 Nf6 8. f3
g6 9. Be3 Bg7 10. g4 h5 11. g5 Nfd7 12. Qd2 b5 13. a3 Bb7 14. O-O-O O-O 15. f4
Nc5 16. Bg2 Nbd7 17. e5 dxe5 18. Bxb7 exd4 19. Bxd4 Bxd4 20. Qxd4 e5 21. Qd6 Ra7
22. Bd5 Qb6 23. fxe5 Qxd6 24. exd6 Nb6 25. Rhe1 Nc8 26. Bc6 Nd7 27. Nd5 Kg7 28.
Bxd7 Rxd7 29. Nf6 1-0

[Event "1st Merlin Lezajsk Chess Masters"]
[Site "Lezajsk"]
[Date "1899-12-30"]
[Round "7.2"]
[White "Jobava, Baadur"]
[Black "Sieciechowicz, Marcin"]
[Result "1/2-1/2"]
[WhiteTitle "GM"]
[BlackTitle "IM"]
[WhiteElo "2603"]
[BlackElo "2357"]

1. d4 Nf6 2. Bg5 e6 3. e4 h6 4. Bxf6 Qxf6 5. c3 c5 6. d5 exd5 7. Qxd5 Qe6 8. Bc4
Qxd5 9. Bxd5 Be7 10. Na3 O-O 11. O-O-O d6 12. Nf3 Nd7 13. Rhe1 Nb6 14. Nc4 Nxc4
15. Bxc4 Bg4 16. Re3 g6 17. Kc2 Rad8 18. a4 Kg7 19. h3 Bc8 20. a5 f5 21. exf5
Bxf5+ 22. Kb3 Bf6 23. Bd5 b5 24. axb6 axb6 25. Be6 Rfe8 26. Bxf5 Rxe3 27. fxe3
gxf5 28. Kc4 b5+ 29. Kd5 Re8 30. Re1 b4 31. cxb4 cxb4 32. Re2 b3 33. Kc4 Re4+
34. Kd5 Re8 35. Kxd6 Rc8 36. Ne1 Rc1 37. Kd5 Bxb2 38. Rxb2 Rxe1 39. Rxb3 Kf6 40.
Rb6+ Kg7 41. Re6 Re2 42. Ke5 Rxe3+ 43. Kxf5 Rg3 44. Re7+ Kf8 45. Re2 Kf7 46. h4
h5 47. Ke4 1/2-1/2

[Event "1st Merlin Lezajsk Chess Masters"]
[Site "Lezajsk"]
[Date "1899-12-30"]
[Round "7.3"]
[White "Kaczmarek, Aleksander"]
[Black "Chatalbashev, Boris"]
[Result "1-0"]
[WhiteTitle "FM"]
[BlackTitle "GM"]
[WhiteElo "2363"]
[BlackElo "2527"]

1. e4 g6 2. d4 Bg7 3. Nc3 d6 4. f4 a6 5. Nf3 b5 6. Be2 Bb7 7. a3 Nd7 8. O-O c5
9. d5 Qc7 10. Re1 b4 11. Na4 Ngf6 12. Bf1 O-O 13. c4 bxc3 14. Nxc3 c4 15. h3 e6
16. dxe6 fxe6 17. Kh2 Rae8 18. Qc2 e5 19. Qa4 Nb6 20. Qa5 Nfd7 21. Be3 Qc6 22.
Nd5 Nxd5 23. exd5 Qb5 24. Qc7 Bxd5 25. Rad1 Rc8 26. Qxd6 Bxf3 27. gxf3 Rf7 28.
Qe6 exf4 29. Bf2 Rc6 30. Qe8+ Nf8 31. b3 Qb7 32. bxc4 Rc8 33. Qe4 Qb2 34. Kg1
Rf5 35. h4 Re5 36. Qxf4 Rce8 37. c5 Rxe1 38. Rxe1 Rxe1 39. Bxe1 Bd4+ 40. Kh1 Kg7
41. Bc4 Be5 42. Qf7+ Kh6 43. Qxf8+ Kh5 44. f4 Qb7+ 45. Kh2 Qf3 46. Bg3 Bd4 47.
Qd8 Bg1+ 48. Kxg1 Qxg3+ 49. Kf1 Qxf4+ 50. Ke1 Qg3+ 51. Kd2 Qf4+ 52. Kc3 Qc1+ 53.
Kb4 Qb2+ 54. Ka4 Qc2+ 55. Ka5 h6 56. Qd4 1-0

[Event "1st Merlin Lezajsk Chess Masters"]
[Site "Lezajsk"]
[Date "1899-12-30"]
[Round "7.4"]
[White "Zima, Teofil"]
[Black "Licznerski, Lukasz"]
[Result "0-1"]
[WhiteTitle "I++"]
[BlackTitle "FM"]
[WhiteElo "1994"]
[BlackElo "2401"]

1. e4 c6 2. Nc3 d5 3. Nf3 Nf6 4. e5 Ne4 5. Be2 e6 6. O-O c5 7. Nb1 Be7 8. d3 Ng5
9. Nxg5 Bxg5 10. Bxg5 Qxg5 11. f4 Qe7 12. c3 Nc6 13. Nd2 Bd7 14. Nf3 h6 15. Qd2
O-O 16. d4 b5 17. Qe3 c4 18. a3 a5 19. g4 b4 20. Kg2 bxc3 21. bxc3 Rab8 22. Bd1
Rb2+ 23. Kg3 f5 24. exf6 Qxf6 25. Qc1 Rfb8 26. Bc2 Be8 27. Rf2 Bg6 28. g5 Rxc2
29. Qxc2 Qf7 30. Qc1 Bf5 31. h4 Rb3 32. Rb2 Qh5 33. Rxb3 Qg4+ 34. Kf2 cxb3 35.
Ke3 Be4 36. Qf1 Ne7 37. Ne5 Qg3+ 38. Kd2 Nf5 39. Re1 Qh2+ 40. Re2 Ng3 41. Rxh2
Nxf1+ 42. Kc1 Nxh2 43. a4 Nf3 44. Nc6 Ne1 45. Nxa5 Bc2 46. Nc6 Nd3+ 47. Kd2 Nb2
48. a5 Nc4+ 0-1

[Event "1st Merlin Lezajsk Chess Masters"]
[Site "Lezajsk"]
[Date "1899-12-30"]
[Round "7.5"]
[White "Mikhaletz, Lubomir"]
[Black "Rasti, Arvin"]
[Result "1-0"]
[WhiteTitle "GM"]
[BlackTitle ""]
[WhiteElo "2348"]
[BlackElo "2285"]

1. d4 Nf6 2. Bg5 c5 3. Bxf6 gxf6 4. c3 Qb6 5. Qd2 d5 6. Nf3 Nc6 7. e3 e5 8. Be2
Rg8 9. g3 Bh3 10. dxc5 Qxc5 11. Qc2 h6 12. Nbd2 O-O-O 13. a3 e4 14. b4 Qd6 15.
Nd4 Nxd4 16. cxd4+ Kb8 17. Nb3 Rc8 18. Qb2 Be7 19. Kd2 Bg4 20. Bxg4 Rxg4 21. Rhc1
Rgg8 22. Nc5 h5 23. Rc3 h4 24. Rac1 hxg3 25. hxg3 Rh8 26. Qb3 Rcd8 27. Qa4 a6
28. R1c2 Ka7 29. Nxb7 Qd7 30. Nxd8 1-0

[Event "1st Merlin Lezajsk Chess Masters"]
[Site "Lezajsk"]
[Date "1899-12-30"]
[Round "7.6"]
[White "Kuegel, Tobias"]
[Black "Trybus, Daniel"]
[Result "1-0"]
[WhiteTitle "CM"]
[BlackTitle "k"]
[WhiteElo "2267"]
[BlackElo "1972"]

1. e4 c5 2. c4 Nc6 3. Ne2 g6 4. d4 cxd4 5. Nxd4 Bg7 6. Be3 Nf6 7. Nc3 d6 8. Be2
O-O 9. O-O Bd7 10. f3 a6 11. Rc1 Rc8 12. Qd2 Qa5 13. a3 Qh5 14. b4 Nxd4 15. Bxd4
Rfd8 16. Bb6 Re8 17. Be3 b5 18. cxb5 axb5 19. a4 bxa4 20. Ba6 Ra8 21. b5 a3 22.
Ra1 Reb8 23. Rfb1 Qe5 24. Rxa3 Ne8 25. Rab3 Nc7 26. Nd5 Nxa6 27. bxa6 Rxb3 28.
Rxb3 Qa1+ 29. Kf2 Qxa6 30. Nxe7+ Kf8 31. Nd5 Qc4 32. Nb6 Qxb3 33. Qxd6+ Kg8 34.
Nxa8 Qb2+ 35. Qd2 Qxd2+ 36. Bxd2 Bd4+ 37. Be3 Bxe3+ 38. Kxe3 h5 39. Nb6 Bb5 40.
Nd5 Kg7 41. h4 Bf1 42. g3 Bg2 43. e5 Bh3 44. Kd4 Bg2 45. f4 Bh3 46. Kc5 Kf8 47.
Kd6 Be6 48. Ne3 Bh3 49. f5 gxf5 50. Nd5 Kg7 51. Ke7 Bg4 52. Nf4 Bf3 53. Nh3 Bd5
54. Ng5 Kg6 55. Nh3 Bf3 56. Kf8 f4 57. Nxf4+ Kf5 58. Kxf7 Kg4 59. e6 Kxg3 60.
e7 Bc6 61. Ng6 1-0

[Event "1st Merlin Lezajsk Chess Masters"]
[Site "Lezajsk"]
[Date "1899-12-30"]
[Round "7.7"]
[White "Sergeev, Vladimir"]
[Black "Dmochowska, Agnieszka"]
[Result "1/2-1/2"]
[WhiteTitle "GM"]
[BlackTitle "WFM"]
[WhiteElo "2403"]
[BlackElo "2078"]

1. c4 e5 2. g3 Nf6 3. Bg2 c6 4. a3 d5 5. cxd5 cxd5 6. d4 exd4 7. Nf3 Be7 8. O-O
O-O 9. Nxd4 Nc6 10. Nc3 Re8 11. Bf4 Be6 12. Rc1 Qd7 13. Qd3 Nh5 14. Nxc6 bxc6
15. Be3 Bh3 16. Rfd1 Bxg2 17. Kxg2 Qb7 18. Na4 Nf6 19. Bd4 h6 20. Rc2 Ne4 21.
f3 Nd6 22. Nc5 Qc8 23. Qa6 Nc4 24. Qxc8 Raxc8 25. Kf2 Rb8 26. Nd3 Rb7 27. a4 Bf6
28. Bxf6 Ne3 29. Rdc1 Nxc2 30. Rxc2 gxf6 31. Rxc6 Re6 32. Rc8+ Kg7 33. Rd8 Rbe7
34. Nf4 Ra6 35. g4 Rb7 36. Nh5+ Kh7 37. Rxd5 Rxb2 38. a5 Rb7 39. Kg3 Re6 40. e4
a6 41. Rf5 Rb5 42. Nxf6+ Kg7 43. Nd5 Rxa5 44. Kf4 Ra1 45. h4 a5 46. g5 hxg5+ 47.
hxg5 a4 48. Ne3 Ra6 49. Rd5 Rc1 50. Nf5+ Kh7 51. Rd7 Kg6 52. Nh4+ Kg7 53. Nf5+
Kg6 54. Nh4+ Kg7 55. Nf5+ Kg6 56. Nh4+ Kg7 57. Rd8 1/2-1/2

[Event "1st Merlin Lezajsk Chess Masters"]
[Site "Lezajsk"]
[Date "1899-12-30"]
[Round "7.8"]
[White "Miasik, Adrian"]
[Black "Gaj, Szymon"]
[Result "1-0"]
[WhiteTitle "I++"]
[BlackTitle "I"]
[WhiteElo "1946"]
[BlackElo "1898"]

1. d4 d5 2. Nf3 e6 3. g3 c6 4. Bg2 f5 5. O-O Nf6 6. c4 Be7 7. Nbd2 O-O 8. Ne5 Nbd7
9. Ndf3 Ne4 10. Nxd7 Bxd7 11. Ne5 Bf6 12. f3 Nd6 13. c5 Bxe5 14. dxe5 Nc4 15.
Qd4 b6 16. b3 bxc5 17. Qc3 Qa5 18. Qxa5 Nxa5 19. Ba3 Rfb8 20. Bxc5 Rb5 21. Rac1
Nb7 22. Bf2 c5 23. Rc2 a5 24. Rfc1 a4 25. Bxc5 axb3 26. axb3 Rxb3 27. Bd4 Bb5
28. Rc8+ Rxc8 29. Rxc8+ Kf7 30. Rc7+ 1-0

[Event "1st Merlin Lezajsk Chess Masters"]
[Site "Lezajsk"]
[Date "1899-12-30"]
[Round "7.9"]
[White "Bojczewski, Mateusz"]
[Black "Biesiadecki, Adam"]
[Result "1-0"]
[WhiteTitle "I+"]
[BlackTitle "I"]
[WhiteElo "1922"]
[BlackElo "1833"]

1. e4 e6 2. d4 d5 3. Nd2 Nf6 4. e5 Nfd7 5. Bd3 c5 6. c3 Nc6 7. Ne2 cxd4 8. cxd4
f6 9. exf6 Nxf6 10. Nf3 Bd6 11. Bf4 O-O 12. Bxd6 Qxd6 13. Ng3 Bd7 14. O-O a5 15.
a3 Rab8 16. Bc2 Rfc8 17. Re1 g6 18. Qd2 Kg7 19. Rac1 Ne7 20. Qxa5 b5 21. Qd2 Nf5
22. Nxf5+ exf5 23. Ne5 Be8 24. Bb1 Ne4 25. Qe3 b4 26. f3 Nf6 27. Rxc8 Rxc8 28.
axb4 Qxb4 29. Nd3 Qb6 30. Nc5 Bf7 31. Qd2 h5 32. Re7 Rxc5 33. dxc5 Qxc5+ 34. Qe3
d4 35. Qe1 d3+ 36. Kh1 d2 37. Rxf7+ Kxf7 38. Qxd2 Qc4 39. Bd3 Qd4 40. Qc3 Qf2
41. b4 h4 42. Qc7+ Kf8 43. Qc5+ Qxc5 44. bxc5 Ke7 45. Kg1 Ke6 46. Bc4+ Kd7 47.
Bb5+ Ke6 48. Kf2 Kd5 49. c6 Ne8 50. Ke3 Nc7 51. Ba4 Ke5 52. f4+ Kd5 53. Kf3 Kc4
54. g3 Ne6 55. gxh4 Kb4 56. Bc2 Kc5 57. Bb3 Nd4+ 58. Kg3 Nxc6 59. Bf7 Ne7 60.
h5 gxh5 61. Kh4 Nc6 62. Kxh5 Kd6 63. Kg6 Ke7 64. h4 Kf8 65. h5 Ne7+ 66. Kf6 Nc6
67. Ba2 Nd8 68. Kg6 Nc6 69. h6 Ne7+ 70. Kf6 1-0

[Event "1st Merlin Lezajsk Chess Masters"]
[Site "Lezajsk"]
[Date "1899-12-30"]
[Round "8.1"]
[White "Jobava, Baadur"]
[Black "Kuegel, Tobias"]
[Result "1-0"]
[WhiteTitle "GM"]
[BlackTitle "CM"]
[WhiteElo "2603"]
[BlackElo "2267"]

1. e4 e5 2. Nf3 Nf6 3. Nxe5 d6 4. Nf3 Nxe4 5. d4 d5 6. Bd3 Bd6 7. O-O O-O 8. c4
c6 9. Nc3 Nxc3 10. bxc3 Nd7 11. c5 Bc7 12. Bg5 f6 13. Bd2 Re8 14. Qc2 Nf8 15.
h3 b6 16. Rfe1 Be6 17. Nh4 bxc5 18. dxc5 d4 19. Rad1 dxc3 20. Bxc3 Bd5 21. Nf5
Rxe1+ 22. Rxe1 Ng6 23. Nh6+ gxh6 24. Bxg6 Bh2+ 25. Kh1 Qd7 26. Bf5 Qg7 27. Be6+
Bxe6 28. Rxe6 Be5 29. Qb3 Kh8 30. Rxe5 fxe5 31. Qe6 1-0

[Event "1st Merlin Lezajsk Chess Masters"]
[Site "Lezajsk"]
[Date "1899-12-30"]
[Round "8.2"]
[White "Mikhaletz, Lubomir"]
[Black "Zilka, Stepan"]
[Result "0-1"]
[WhiteTitle "GM"]
[BlackTitle "GM"]
[WhiteElo "2348"]
[BlackElo "2577"]

1. d4 d5 2. Nf3 Nf6 3. Bf4 c5 4. e3 Nc6 5. dxc5 e6 6. c4 Bxc5 7. a3 O-O 8. b4 Be7
9. Nbd2 Nh5 10. cxd5 exd5 11. b5 Nxf4 12. bxc6 Ne6 13. cxb7 Bxb7 14. Bd3 d4 15.
Bxh7+ Kxh7 16. Qb1+ Kg8 17. Qxb7 dxe3 18. fxe3 Rb8 19. Qe4 Ng5 20. Qg4 Nxf3+ 21.
Nxf3 Qd3 22. Qd4 Qa6 23. Rd1 Rfd8 24. Qe4 Rxd1+ 25. Kxd1 Qxa3 26. Ke2 Qb2+ 27.
Nd2 Rd8 28. Rd1 Bb4 29. Kf3 Bxd2 0-1

[Event "1st Merlin Lezajsk Chess Masters"]
[Site "Lezajsk"]
[Date "1899-12-30"]
[Round "8.3"]
[White "Zwardon, Vojtech"]
[Black "Sieciechowicz, Marcin"]
[Result "1-0"]
[WhiteTitle "IM"]
[BlackTitle "IM"]
[WhiteElo "2466"]
[BlackElo "2357"]

1. c4 c6 2. Nc3 d5 3. d4 Nf6 4. cxd5 cxd5 5. Bf4 Nc6 6. e3 Bf5 7. Qb3 Na5 8. Qa4+
Bd7 9. Qc2 Rc8 10. Bd3 e6 11. Nf3 Nc4 12. O-O Be7 13. h3 O-O 14. Rfc1 b5 15. a3
a6 16. Ne5 Be8 17. Qe2 Nd6 18. Na2 Nc4 19. a4 Nd7 20. Nxd7 Bxd7 21. axb5 Bxb5
22. Nc3 Qd7 23. Nxb5 axb5 24. Ra6 Bd6 25. Bxd6 Nxd6 26. Rc5 g6 27. b3 b4 28. Qd2
Rb8 29. Qc2 Rb7 30. Rcc6 Nf5 31. Bxf5 gxf5 32. g3 Rfb8 33. Kg2 Qe7 34. Rc8+ Kg7
35. Rc5 Ra7 36. Rac6 Rab7 37. Qe2 h6 38. h4 Rd7 39. Qf3 Rd6 40. Rc7 Rd7 41. Qf4
Rb7 42. Rc8 Qd6 43. Qf3 Qe7 44. Qe2 Rdc7 45. Qa6 Ra7 46. Qb6 Rcb7 47. Qc6 Qd7
48. Qxd7 Rxd7 49. Rb8 Ra2 50. Rxb4 Rb2 51. Rc8 Ra7 52. Ra4 Rb7 53. Kf3 R7xb3 54.
Ra7 Rb7 55. Raa8 Rd2 56. Rh8 Rbb2 57. Kf4 Rxf2+ 58. Ke5 f6+ 59. Kxe6 Rb6+ 60.
Kxd5 Rb3 61. h5 Rh2 62. Rhe8 Kf7 63. Red8 Rxe3 64. Rf8+ Kg7 65. Rg8+ Kf7 66. Raf8+
Ke7 67. Re8+ Kf7 68. Rxe3 Kxg8 69. Ke6 Rxh5 70. d5 Rh1 71. d6 Rd1 72. Ke7 Kg7
73. d7 Kg6 74. Re6 Rxd7+ 75. Kxd7 Kg5 76. Ke7 Kg4 77. Kxf6 h5 78. Ra6 Kxg3 79.
Kxf5 1-0

[Event "1st Merlin Lezajsk Chess Masters"]
[Site "Lezajsk"]
[Date "1899-12-30"]
[Round "8.4"]
[White "Licznerski, Lukasz"]
[Black "Kaczmarek, Aleksander"]
[Result "0-1"]
[WhiteTitle "FM"]
[BlackTitle "FM"]
[WhiteElo "2401"]
[BlackElo "2363"]

1. e4 c5 2. Nf3 Nc6 3. d4 cxd4 4. Nxd4 e5 5. Nb5 d6 6. N1c3 a6 7. Na3 b5 8. Nd5
Nge7 9. c4 Nd4 10. cxb5 Nxd5 11. exd5 g6 12. Bd3 Bg7 13. O-O O-O 14. bxa6 e4 15.
Bxe4 Qh4 16. Bd3 Bg4 17. Qd2 Nf3+ 18. gxf3 Be5 19. Qh6 Bh5 20. f4 Qg4+ 21. Kh1
Qf3+ 22. Kg1 Bg7 23. Qg5 Qxd3 24. Nb1 h6 25. Qg3 Qxd5 26. Nc3 Qc4 27. a4 d5 28.
Nb5 Rxa6 29. b3 Qc2 30. Ba3 Rd8 31. Rac1 Qf5 32. Rfe1 g5 33. fxg5 Rg6 34. Be7
Rd7 35. Kf1 Kh7 36. h4 d4 37. Rc5 Rd5 38. Rxd5 Qxd5 39. Kg1 d3 40. f3 d2 41. Rd1
Bxf3 0-1

[Event "1st Merlin Lezajsk Chess Masters"]
[Site "Lezajsk"]
[Date "1899-12-30"]
[Round "8.5"]
[White "Chatalbashev, Boris"]
[Black "Zima, Teofil"]
[Result "1-0"]
[WhiteTitle "GM"]
[BlackTitle "I++"]
[WhiteElo "2527"]
[BlackElo "1994"]

1. c4 g6 2. e4 Bg7 3. d4 d6 4. Nc3 Nf6 5. Bd3 O-O 6. Nge2 Nc6 7. O-O e5 8. d5 Nd4
9. Nb5 Nxe2+ 10. Qxe2 c6 11. Nc3 c5 12. Bg5 h6 13. Bh4 Bd7 14. f3 Qe8 15. g4 Kh7
16. Kh1 g5 17. Be1 Rh8 18. Bd2 Kg8 19. Nd1 Nh7 20. Ne3 h5 21. Nf5 Bxf5 22. gxf5
a5 23. b3 Bh6 24. a3 Kg7 25. b4 axb4 26. axb4 b6 27. Rg1 h4 28. Qe1 Rxa1 29. Qxa1
Qa8 30. Qb2 Rb8 31. f4 f6 32. fxe5 fxe5 33. Rb1 Rf8 34. bxc5 bxc5 35. Qb6 Qd8
36. Qa6 Rf6 37. Be2 g4 38. Rb7+ Kg8 39. Qa7 Nf8 40. Rb8 Qxb8 41. Qxb8 Bxd2 42.
Bxg4 Bh6 43. Bh5 Bg7 44. Bg6 Bh6 45. Kg2 Bg5 46. Kh3 Kg7 47. Qc7+ Kh6 48. Bf7
Nh7 49. Bg8 Nf8 50. Kg4 1-0

[Event "1st Merlin Lezajsk Chess Masters"]
[Site "Lezajsk"]
[Date "1899-12-30"]
[Round "8.6"]
[White "Dmochowska, Agnieszka"]
[Black "Miasik, Adrian"]
[Result "1-0"]
[WhiteTitle "WFM"]
[BlackTitle "I++"]
[WhiteElo "2078"]
[BlackElo "1946"]

1. e4 d6 2. d4 Nf6 3. Nc3 Nbd7 4. Nf3 e5 5. Bc4 h6 6. a4 Be7 7. a5 c6 8. Ba2 Qc7
9. O-O Nf8 10. Nh4 g6 11. Kh1 Be6 12. a6 bxa6 13. dxe5 dxe5 14. f4 Bxa2 15. Rxa2
N8d7 16. fxe5 Nxe5 17. Bf4 Nh5 18. Bxe5 Qxe5 19. Nf5 Rd8 20. Qf3 gxf5 21. Qxh5
Rg8 22. Rxf5 Qg7 23. Qe2 Bb4 24. Rxa6 Bxc3 25. bxc3 Qxc3 26. Rxa7 Qd2 27. Qf1
Rg7 28. Rfxf7 Qxg2+ 29. Qxg2 Rd1+ 30. Rf1 Rxf1+ 31. Qxf1 Rxa7 32. Qf6 1-0

[Event "1st Merlin Lezajsk Chess Masters"]
[Site "Lezajsk"]
[Date "1899-12-30"]
[Round "8.7"]
[White "Gaj, Szymon"]
[Black "Sergeev, Vladimir"]
[Result "1/2-1/2"]
[WhiteTitle "I"]
[BlackTitle "GM"]
[WhiteElo "1898"]
[BlackElo "2403"]

1. d4 Nf6 2. c4 e6 3. Nc3 Bb4 4. f3 c5 5. d5 exd5 6. cxd5 O-O 7. e4 d6 8. Bd3 Nbd7
9. Ne2 Ne5 10. O-O Re8 11. Bg5 c4 12. Bc2 Bc5+ 13. Kh1 a6 14. h3 h6 15. Bh4 Bd7
16. Bg3 b5 17. Bxe5 dxe5 18. g4 h5 19. Ng3 g6 20. Qd2 Kg7 21. Qg5 Rh8 22. Nf5+
Kf8 23. Nh4 Ng8 24. Nxg6+ fxg6 25. Qxe5 Rh7 26. d6 Rc8 27. Nd5 Rc6 28. Nf4 Bxd6
29. Nxg6+ Kf7 30. Qd5+ Kxg6 31. e5+ Kg7 32. Bxh7 Ne7 33. Qe4 Bc5 34. Rad1 Qe8
35. Bf5 Be6 36. f4 hxg4 37. Bxe6 Rxe6 38. f5 Qh5 39. Qxg4+ Qxg4 40. hxg4 Rxe5
41. f6+ Kg6 42. f7 Nc6 43. f8=Q Bxf8 44. Rxf8 Nb4 45. Rd6+ Kg5 46. Rf5+ Rxf5 47.
gxf5 Kxf5 48. a3 Ke5 49. Rd2 Nd3 50. Kg2 Kd4 51. Kf3 c3 52. bxc3+ Kxc3 53. Ke2
Nb2 54. Rd6 a5 55. Rb6 Kc4 56. Kd2 Kc5 57. Ra6 1/2-1/2

[Event "1st Merlin Lezajsk Chess Masters"]
[Site "Lezajsk"]
[Date "1899-12-30"]
[Round "8.8"]
[White "Biesiadecki, Adam"]
[Black "Rasti, Arvin"]
[Result "1/2-1/2"]
[WhiteTitle "I"]
[BlackTitle ""]
[WhiteElo "1833"]
[BlackElo "2285"]

1. Nf3 Nf6 2. d4 e6 3. c4 d5 4. Nc3 dxc4 5. Bg5 Be7 6. e3 h6 7. Bh4 a6 8. Bxc4
O-O 9. O-O b5 10. Bd3 Bb7 11. Ne5 Nbd7 12. Nxd7 Qxd7 13. Bxf6 Bxf6 14. Be4 c5
15. Qf3 Rab8 1/2-1/2

[Event "1st Merlin Lezajsk Chess Masters"]
[Site "Lezajsk"]
[Date "1899-12-30"]
[Round "8.9"]
[White "Trybus, Daniel"]
[Black "Bojczewski, Mateusz"]
[Result "1-0"]
[WhiteTitle "k"]
[BlackTitle "I+"]
[WhiteElo "1972"]
[BlackElo "1922"]

1. e4 c6 2. d4 d5 3. exd5 cxd5 4. c4 Nf6 5. Nc3 e6 6. Nf3 Nc6 7. c5 b6 8. Bf4 a6
9. b4 bxc5 10. bxc5 Qa5 11. Qd2 Nh5 12. Be3 g6 13. Be2 Bg7 14. O-O O-O 15. Rab1
Rb8 16. Rxb8 Nxb8 17. Rb1 Nc6 18. Rb6 Ne7 19. Nxd5 Nxd5 20. Qxa5 1-0

[Event "1st Merlin Lezajsk Chess Masters"]
[Site "Lezajsk"]
[Date "1899-12-30"]
[Round "9.1"]
[White "Dmochowska, Agnieszka"]
[Black "Jobava, Baadur"]
[Result "0-1"]
[WhiteTitle "WFM"]
[BlackTitle "GM"]
[WhiteElo "2078"]
[BlackElo "2603"]

1. e4 d6 2. d4 Nf6 3. Nc3 e5 4. Nf3 Nbd7 5. Bc4 Be7 6. a4 O-O 7. O-O c6 8. Ba2
h6 9. a5 Re8 10. Nh4 exd4 11. Qxd4 Nf8 12. Qd3 Nxe4 13. Nxe4 d5 14. Nf3 dxe4 15.
Qxe4 Bd6 16. Qd3 Bg4 17. Rd1 Qf6 18. Bxf7+ Qxf7 19. Qxd6 Bxf3 20. gxf3 Re6 21.
Qd3 Rae8 22. Bd2 Ng6 23. f4 Nh4 24. Re1 Qh5 25. Rxe6 Rxe6 26. f5 Qg4+ 27. Qg3
Nf3+ 28. Kg2 Qxf5 29. Qxf3 Rg6+ 30. Qg3 Qd5+ 0-1

[Event "1st Merlin Lezajsk Chess Masters"]
[Site "Lezajsk"]
[Date "1899-12-30"]
[Round "9.2"]
[White "Zilka, Stepan"]
[Black "Chatalbashev, Boris"]
[Result "0-1"]
[WhiteTitle "GM"]
[BlackTitle "GM"]
[WhiteElo "2577"]
[BlackElo "2527"]

1. e4 c5 2. Nf3 Nc6 3. d4 cxd4 4. Nxd4 g6 5. c4 Nf6 6. Nc3 d6 7. Be2 Nxd4 8. Qxd4
Bg7 9. Be3 O-O 10. Qd2 a5 11. O-O a4 12. Rab1 Qa5 13. h3 Be6 14. Rfc1 Rfc8 15.
b3 axb3 16. axb3 Qb4 17. Qd1 Bd7 18. Bd2 Qc5 19. Bf3 Qc7 20. Be3 h5 21. g4 hxg4
22. hxg4 Qa5 23. g5 Ng4 24. Bd2 Ne5 25. Be2 Qd8 26. f4 Nc6 27. Kg2 Nd4 28. Bf1
Bc6 29. Kf2 e5 30. Bh3 Bd7 31. Bxd7 Qxd7 32. f5 gxf5 33. Qh5 fxe4 34. Nxe4 Qf5+
35. Ke3 d5 36. cxd5 Nc2+ 37. Kd3 Rd8 38. Qh1 Ra2 39. Rf1 Rxd5+ 40. Ke2 Qg4+ 41.
Kf2 Rxd2+ 42. Nxd2 e4 43. Nxe4 Bd4# 0-1

[Event "1st Merlin Lezajsk Chess Masters"]
[Site "Lezajsk"]
[Date "1899-12-30"]
[Round "9.3"]
[White "Kuegel, Tobias"]
[Black "Zwardon, Vojtech"]
[Result "1/2-1/2"]
[WhiteTitle "CM"]
[BlackTitle "IM"]
[WhiteElo "2267"]
[BlackElo "2466"]

1. e4 c5 2. c4 b6 3. Nf3 Bb7 4. Nc3 e6 5. d4 cxd4 6. Nxd4 a6 7. Be2 Qc7 8. Be3
Nf6 9. f3 d6 10. O-O Be7 11. Qe1 O-O 12. Qg3 Re8 13. Rac1 Nbd7 14. b4 Rac8 15.
a3 Qb8 16. Rfe1 Bd8 17. Bf1 Ne5 18. Na4 Bc7 19. Nc3 Ng6 20. Qh3 d5 21. cxd5 Nf4
22. Qh4 exd5 23. Nxd5 N4xd5 24. exd5 Rxe3 25. Rxe3 Bxh2+ 26. Qxh2 Qxh2+ 27. Kxh2
Rxc1 28. d6 Kf8 29. Re7 Bc8 30. Be2 Bd7 31. Bxa6 Rd1 32. Nb5 h6 33. Nc3 Rxd6 34.
Re5 Rd4 35. Re1 Rd2 36. Re2 Rd4 37. Re1 g5 38. Rd1 Rxd1 39. Nxd1 Ke7 40. Nc3 Be6
41. Na4 Nd5 42. Bc4 Bd7 43. b5 Nc7 44. Nxb6 Bxb5 45. Bxb5 Nxb5 46. a4 Nc7 47.
Nc4 Ke6 48. g4 f5 49. Ne3 fxg4 50. fxg4 Ke5 51. Kg3 Ne6 52. Nf5 h5 53. Nh4 hxg4
54. Kxg4 Kd5 55. Nf3 Kc5 56. a5 Kb5 57. Nxg5 Nxg5 58. Kxg5 Kxa5 1/2-1/2

[Event "1st Merlin Lezajsk Chess Masters"]
[Site "Lezajsk"]
[Date "1899-12-30"]
[Round "9.4"]
[White "Kaczmarek, Aleksander"]
[Black "Mikhaletz, Lubomir"]
[Result "1-0"]
[WhiteTitle "FM"]
[BlackTitle "GM"]
[WhiteElo "2363"]
[BlackElo "2348"]

1. e4 e6 2. Nf3 d5 3. e5 c5 4. b4 cxb4 5. a3 Nc6 6. axb4 Bxb4 7. c3 Be7 8. d4 Nh6
9. Bxh6 gxh6 10. Bd3 f6 11. O-O O-O 12. Na3 Bd7 13. Nc2 Qc7 14. Re1 Kh8 15. Kh1
fxe5 16. dxe5 Rxf3 17. Qxf3 Rf8 18. Qe2 Bc5 19. Qh5 Rxf2 20. Qxh6 Bc8 21. Ra4
Qg7 22. Qh3 d4 23. cxd4 Bf8 24. Raa1 Qh6 25. Qg3 Qf4 26. Qxf4 Rxf4 27. Rf1 Rxf1+
28. Rxf1 Kg7 29. Bxh7 b5 30. Be4 Bb7 31. Na1 Ba3 32. Rf6 a5 33. Rxe6 Nxd4 34.
Rg6+ Kf7 35. Rf6+ Ke7 36. Bxb7 Bb2 37. Rf1 a4 38. Bd5 b4 39. g4 Bc3 40. g5 Ne6
41. g6 Bxe5 42. Re1 1-0

[Event "1st Merlin Lezajsk Chess Masters"]
[Site "Lezajsk"]
[Date "1899-12-30"]
[Round "9.5"]
[White "Sieciechowicz, Marcin"]
[Black "Licznerski, Lukasz"]
[Result "1/2-1/2"]
[WhiteTitle "IM"]
[BlackTitle "FM"]
[WhiteElo "2357"]
[BlackElo "2401"]

1. d4 Nf6 2. Nf3 g6 3. c4 Bg7 4. Nc3 d5 5. Bg5 Ne4 6. cxd5 Nxg5 7. Nxg5 O-O 8.
Nf3 c6 9. dxc6 Nxc6 10. e3 e5 11. d5 e4 12. dxc6 exf3 13. Qxd8 Rxd8 14. gxf3 bxc6
15. Rc1 Be6 16. b3 a5 17. Be2 Bxc3+ 18. Rxc3 a4 19. bxa4 Rxa4 20. a3 Rda8 21.
O-O Rxa3 22. Rxc6 Ra2 23. Bc4 Bxc4 24. Rxc4 Rd8 25. f4 Kg7 26. Rc5 Rdd2 27. Kg2
Rdc2 28. Re5 Kf6 29. Kg3 h6 30. h4 Rcb2 31. Kf3 Rc2 32. h5 g5 33. Re4 Rc5 34.
Rb4 gxf4 35. Rxf4+ Rf5 36. Rxf5+ Kxf5 37. Rb1 Ra5 38. Rb6 Kg5 39. Kg3 f5 40. Re6
Ra4 41. Re5 Rg4+ 42. Kf3 Kf6 43. Ra5 Rh4 44. Ra6+ Kg5 45. Ra5 Kf6 46. Ra6+ 1/2-1/2

[Event "1st Merlin Lezajsk Chess Masters"]
[Site "Lezajsk"]
[Date "1899-12-30"]
[Round "9.6"]
[White "Rasti, Arvin"]
[Black "Trybus, Daniel"]
[Result "1/2-1/2"]
[WhiteTitle ""]
[BlackTitle "k"]
[WhiteElo "2285"]
[BlackElo "1972"]

1. d4 Nf6 2. c4 g6 3. Nf3 Bg7 4. g3 O-O 5. Bg2 d6 6. O-O c6 7. Nc3 Qa5 8. e4 e5
9. h3 Nbd7 10. Re1 exd4 11. Nxd4 Ne5 12. Bf1 Be6 13. Nxe6 fxe6 14. Be3 Nf7 15.
Bg2 Rad8 16. Qb3 Rd7 17. Rad1 Qh5 18. Ne2 e5 19. Nc3 c5 20. Nd5 Nxd5 21. Rxd5
b6 22. Qd1 Qxd1 23. Rexd1 Rb8 24. h4 Bf8 25. a3 Rc7 26. f4 exf4 27. gxf4 Bg7 28.
b3 Bb2 29. a4 a6 30. h5 b5 31. hxg6 hxg6 32. axb5 axb5 33. e5 dxe5 34. fxe5 Bxe5
35. Rd7 bxc4 36. bxc4 Rxd7 37. Rxd7 Rb1+ 38. Kf2 Rb2+ 39. Kg1 Rb1+ 40. Kf2 1/2-1/2

[Event "1st Merlin Lezajsk Chess Masters"]
[Site "Lezajsk"]
[Date "1899-12-30"]
[Round "9.7"]
[White "Sergeev, Vladimir"]
[Black "Biesiadecki, Adam"]
[Result "1/2-1/2"]
[WhiteTitle "GM"]
[BlackTitle "I"]
[WhiteElo "2403"]
[BlackElo "1833"]

1. c4 Nf6 2. d4 e6 3. Nc3 Bb4 4. e3 b6 5. Ne2 Bb7 6. a3 Be7 7. d5 e5 8. g3 d6 9.
Bg2 Nbd7 10. b4 h5 11. h3 O-O 12. g4 a5 13. Rb1 axb4 14. axb4 Ba6 15. Nb5 Bxb5
16. cxb5 hxg4 17. Ng3 Re8 18. hxg4 Nf8 19. Qe2 Qd7 20. Nf5 N6h7 21. Qc4 Bg5 22.
Bb2 g6 23. Ng3 Nf6 24. Bh3 Ra4 25. Kf1 N8h7 26. Kg1 Qd8 27. Rc1 Qa8 28. Bg2 Ra2
29. Bc3 Re7 30. Rh2 Qa3 31. Be1 Qb2 32. Rd1 Ra1 33. Rxa1 Qxa1 34. Kf1 Qd1 35.
Ne2 e4 36. Rh3 Qxd5 37. Qxd5 Nxd5 38. Nc3 Nhf6 39. Ke2 Re8 40. Rh1 Nxb4 41. Nxe4
Nxe4 42. Bxb4 Bf6 43. Rc1 Nc5 44. Bc6 Re7 45. Rc2 Ne6 46. Kd3 Nc5+ 47. Kc4 Kg7
48. Ra2 1/2-1/2